Ortschaften des Kantons Aargau - Statistiken

Allgemein
  • Dieses Quiz wurde 110 mal gespielt
    81 seit der letzten Aktualisierung
  • Das Durchschnittsergebnis liegt bei 90 aus 257
Antworten auf der Karte
Die Antworten werden auf der Karte rot bzw. grün angezeigt, abhängig davon wie oft sie richtig erraten wurden.
 
Antwortstatistiken
Einwohner Ortschaft % Korrekt
18'032 Aarau
86%
14'580 Baden
86%
10'516 Brugg
78%
12'507 Spreitenbach
76%
11'184 Lenzburg
73%
11'819 Zofingen
73%
7'589 Bremgarten
69%
5'741 Frick
69%
750 Wil
69%
8'614 Muri
67%
15'085 Oftringen
67%
13'822 Rheinfelden
67%
15'965 Wohlen
67%
21'483 Wettingen
65%
11'340 Suhr
63%
4'839 Bad Zurzach
61%
3'601 Beinwil am See
61%
1'283 Beinwil (Freiamt)
61%
4'718 Birr
61%
1'021 Hallwil
61%
11'375 Möhlin
61%
2'534 Laufenburg
59%
8'893 Aarburg
57%
9'499 Reinach
57%
9'790 Rothrist
57%
4'555 Schöftland
57%
8'429 Buchs
55%
5'028 Kölliken
55%
5'571 Seon
55%
8'092 Windisch
55%
8'907 Oberentfelden
53%
1'371 Schinznach Bad
53%
3'558 Sins
53%
4'579 Unterentfelden
53%
1'112 Burg
51%
5'554 Kaiseraugst
51%
1'761 Koblenz
51%
2'642 Lupfig
51%
7'288 Menziken
51%
1'521 Murgenthal
51%
1'914 Schinznach Dorf
51%
3'692 Turgi
51%
4'565 Erlinsbach
49%
2'242 Killwangen
49%
3'879 Küttigen
49%
6'170 Mellingen
49%
3'504 Stein
49%
6'802 Würenlos
49%
3'650 Ennetbaden
47%
3'872 Gipf-Oberfrick
47%
9'087 Neuenhof
47%
6'025 Rupperswil
47%
4'411 Seengen
47%
1'393 Birrwil
45%
4'239 Brittnau
45%
8'616 Gränichen
45%
3'671 Klingnau
45%
2'815 Meisterschwanden
45%
3'151 Othmarsingen
45%
6'607 Untersiggenthal
45%
3'407 Wildegg
45%
4'877 Niederlenz
43%
4'564 Safenwil
43%
1'608 Villigen
43%
6'793 Villmergen
43%
5'120 Würenlingen
43%
4'932 Berikon
41%
1'748 Boniswil
41%
4'473 Döttingen
41%
2'447 Eiken
41%
6'090 Fislisbach
41%
1'596 Leibstadt
41%
4'112 Muhen
41%
4'648 Niederrohrdorf
41%
2'913 Oberlunkhofen
41%
3'587 Unterkulm
41%
1'629 Unterlunkhofen
41%
2'016 Vordemwald
41%
4'258 Aarau Rohr
39%
2'942 Bergdietikon
39%
590 Fisibach
39%
1'516 Möriken
39%
1'549 Mumpf
39%
2'999 Oberkulm
39%
2'605 Oberwil-Lieli
39%
2'282 Auw
37%
1'644 Biberstein
37%
1'323 Buttwil
37%
485 Densbüren
37%
2'432 Dintikon
37%
5'203 Dottikon
37%
4'906 Ehrendingen
37%
4'929 Gebenstorf
37%
435 Habsburg
37%
3'764 Hausen
37%
1'756 Hirschthal
37%
4'415 Hunzenschwil
37%
690 Islisberg
37%
419 Kaiserstuhl
37%
2'677 Kaisten
37%
237 Mellikon
37%
3'135 Merenschwand
37%
4'255 Oberrohrdorf
37%
1'600 Oberrüti
37%
1'898 Arni
35%
1'728 Auenstein
35%
2'971 Birmenstorf
35%
3'081 Boswil
35%
828 Bözen
35%
1'436 Dietwil
35%
2'348 Endingen
35%
1'706 Fischbach-Göslikon
35%
3'894 Magden
35%
2'221 Mägenwil
35%
1'341 Mühlau
35%
3'106 Sarmenstorf
35%
3'137 Schafisheim
35%
4'306 Staufen
35%
5'191 Strengelbach
35%
1'424 Uerkheim
35%
3'882 Widen
35%
4'917 Zufikon
35%
691 Bettwil
33%
921 Birrhard
33%
1'142 Bünzen
33%
1'356 Hendschiken
33%
1'489 Holderbank
33%
1'917 Künten
33%
2'929 Lengnau
33%
2'124 Leuggern
33%
957 Moosleerau
33%
1'072 Obermumpf
33%
4'601 Rudolfstetten
33%
1'562 Schneisingen
33%
1'666 Sisseln
33%
2'496 Stetten
33%
3'159 Waltenschwil
33%
1'063 Abtwil
31%
628 Effingen
31%
994 Full-Reuenthal
31%
2'157 Gontenschwil
31%
1'639 Herznach
31%
935 Kirchleerau
31%
346 Mandach
31%
355 Mettau
31%
406 Olsberg
31%
873 Schlossrued
31%
461 Siggenthal Station
31%
1'290 Tegerfelden
31%
931 Thalheim
31%
1'563 Veltheim
31%
166 Wiliberg
31%
1'646 Aristau
29%
1'590 Bellikon
29%
348 Böttstein
29%
2'501 Fahrwangen
29%
1'116 Freienwil
29%
1'120 Hornussen
29%
411 Mönthal
29%
2'217 Niederwil
29%
580 Oberhof
29%
717 Scherz
29%
503 Schmiedrued
29%
723 Schwaderloch
29%
995 Ueken
29%
2'081 Wallbach
29%
1'861 Wohlenschwil
29%
1'045 Wölflinswil
29%
2'536 Zeiningen
29%
795 Ammerswil
27%
895 Bottenwil
27%
907 Brunegg
27%
1'372 Dürrenasch
27%
1'097 Gansingen
27%
1'742 Holziken
27%
2'351 Jonen
27%
533 Leimbach
27%
1'078 Mülligen
27%
6'385 Nussbaumen
27%
1'319 Reitnau
27%
1'555 Riniken
27%
867 Rüfenach
27%
1'771 Teufenthal
27%
1'394 Zetzwil
27%
3'158 Dättwil
25%
1'544 Egliswil
25%
232 Geltwil
25%
2'523 Hägglingen
25%
407 Kallern
25%
751 Leutwil
25%
1'070 Münchwilen
25%
1'176 Oeschgen
25%
1'123 Staffelbach
25%
1'661 Villnachern
25%
639 Besenbüren
24%
763 Glashütten
24%
834 Hellikon
24%
111 Linn
24%
1'023 Rekingen
24%
2'113 Remetschwil
24%
788 Rietheim
24%
803 Riken
24%
946 Rottenschwil
24%
357 Rümikon
24%
883 Schupfart
24%
1'408 Umiken
24%
1'023 Wegenstetten
24%
908 Zuzgen
24%
1'144 Büttikon
22%
1'031 Eggenwil
22%
322 Elfingen
22%
3'957 Kleindöttingen
22%
1'050 Sulz
22%
1'550 Tägerig
22%
448 Tennwil
22%
832 Vogelsang
22%
365 Wislikofen
22%
1'411 Wittnau
22%
1'523 Anglikon
20%
276 Baldingen
20%
471 Etzgen
20%
1'245 Hermetschwil-Staffeln
20%
1'544 Kirchdorf
20%
1'386 Remigen
20%
831 Rieden
20%
2'978 Rombach
20%
2'783 Rütihof
20%
727 Siglistorf
20%
531 Stilli
20%
549 Uezwil
20%
1'276 Zeihen
20%
659 Benzenschwil
18%
170 Böbikon
18%
292 Hottwil
18%
970 Mühlethal
18%
355 Unterendingen
18%
288 Asp
16%
555 Oberbözberg
16%
531 Oberflachs
16%
290 Oberhofen
16%
241 Alikon
14%
159 Gallenkirch
14%
271 Ittenthal
14%
837 Unterbözberg
14%
315 Aettenschwil
12%
161 Meienberg
12%
216 Rheinsulz
12%
308 Attelwil
10%
133 Hertenstein
10%
288 Hilfikon
10%
825 Nesselnbach
10%
674 Walde
10%
143 Fenkrieden
8%
91 Waldhäusern
8%
221 Wittwil
8%
280 Hettenschwil
6%
37 Holderstock
6%
Keine übereinstimmenden Quizze gefunden
Verteilung der Resultate
Anzahl Personen mit jedem Resultat
Perzentil nach korrekt beantworteten Fragen
Ihre Resultats-Entwicklung
Sie haben dieses Quiz seit der letzten Aktualisierung nicht gespielt